| 000 | 00713nam a2200217Ia 4500 | ||
|---|---|---|---|
| 003 | Ost | ||
| 005 | 20260507075155.0 | ||
| 008 | 260507s9999||||xx |||||||||||||| ||und|| | ||
| 020 | _a8157358977 | ||
| 040 | _cfsecg | ||
| 041 | _aara | ||
| 082 | _a330 | ||
| 100 |
_aعبد الحميد، طلعت اسعد _eمؤلف |
||
| 245 | 0 |
_aالتسويق الابتكاري : _bالطريق الى الربح المتوازي في كل العصور / _c طلعت اسعد عبد الحميد |
|
| 260 |
_aالقاهرة: _bمنشآة المعرف, _c2009 |
||
| 300 | _a364 صفحة؛ | ||
| 653 | _aتسويق الابتكاري | ||
| 653 | _aتنمية | ||
| 653 | _aسلوك المتعامل | ||
| 942 | _cكتاب | ||
| 999 |
_c43366 _d43366 |
||